000 00629nam a2200253Ia 4500
005 20250425162722.0
008 250425s9999 xx 000 0 und d
020 _a9789978926420
041 _aspa
043 _aec
082 _a863.69866
100 _aRODRIGUEZ, BYRON
245 0 _aBESTIARIO DE CENIZAS
250 _a1A ED.
260 _aEcuador
_bILUSTRE MUNICIPALIDAD DE GUAYAQUIL
_c2007
260 _aGUAYAQUIL
300 _a202
650 _aLITERATURA ECUATORIANA
650 _aLITERATURA ECUATORIANA
650 _aNOVELA ECUATORIANA
650 _aNOVELA ECUATORIANA
942 _c01
010 _a102582
999 _c235036
_d235036